000 00509nam a2200157Ia 4500
008 210716s2011 xx 000 0 und d
020 _a8172240678
041 _aeng
082 _a657.3 HELE
100 _aHelfert, Erich A.
245 _aTechniques of financial analysis: practical guide to applied managerial finance.
_bPractical guide to applied managerial finance.
250 _a1
260 _aNew Delhi
_bJaico Publishing House
_c2011
300 _axv,506
650 _aFinancial Reporting and Analyais
999 _c208667
_d208667